[Event "World Youth Girl U16 2016"]
[Site "Khanty-Mansiysk RUS"]
[Date "2016.10.01"]
[Round "9.4"]
[White "Alinasab, Mobina"]
[Black "Di Benedetto, Desiree"]
[Result "1-0"]
[WhiteTitle "WFM"]
[BlackTitle "WFM"]
[WhiteElo "2230"]
[BlackElo "2183"]
[WhiteFideId "12528897"]
[BlackFideId "875813"]
[EventDate "2016.09.22"]

1. e4 e6 2. d4 d5 3. Nd2 Nf6 4. e5 Nfd7 5. Bd3 b6 6. c3 c5 7. Ndf3 Ba6 8. Bxa6
Nxa6 9. Ne2 Be7 10. O-O O-O 11. Re1 b5 12. dxc5 Naxc5 13. Ned4 Qb6 14. Bg5 Bxg5
15. Nxg5 h6 16. Nh3 b4 17. cxb4 Qxb4 18. b3 a5 19. Nf4 Rac8 20. Nh5 g6 21. Ng3
Rfd8 22. a3 Qb8 23. Qd2 Nxb3 24. Nxb3 Qxb3 25. Qxh6 Nf8 26. Rab1 Qc2 27. Rbc1
Qd3 28. Rcd1 Qc3 29. Re3 Qc2 30. Rde1 Rd7 31. Nf1 Rc3 32. Rxc3 Qxc3 33. Re3 Qc1
34. Qh4 Qa1 35. f4 Nh7 36. Rh3 f5 37. Rg3 Qd4+ 38. Kh1 Nf8 39. Rf3 Rh7 40. Qd8
a4 41. Qc8 Rf7 42. h3 Kg7 43. Ng3 Qc4 44. Qe8 d4 45. Qd8 Kg8 46. Nf1 Rd7 47. Qe8
d3 48. Rg3 d2 49. Rxg6+ Kh7 50. Nxd2 Qc1+ 51. Kh2 Qxd2 52. Rg3 Rg7 53. Qxf8 Rxg3
54. Kxg3 Qe3+ 55. Kh4 Qxf4+ 56. g4 Qxe5 57. Qf7+ Kh8 58. g5 f4 59. g6 Qe1+ 60.
Kh5 Qe5+ 61. Kh6 1-0

[Event "World Youth Girl U16 2016"]
[Site "Khanty-Mansiysk RUS"]
[Date "2016.10.01"]
[Round "9.5"]
[White "Yakubbaeva, Nilufar"]
[Black "Priyanka, K"]
[Result "0-1"]
[WhiteElo "1896"]
[BlackElo "2205"]
[WhiteFideId "14204487"]
[BlackFideId "5082986"]
[EventDate "2016.09.22"]

1. e4 c5 2. Nc3 a6 3. Nf3 d6 4. g3 b5 5. Bg2 Bb7 6. d3 Nf6 7. O-O g6 8. Bg5 Bg7
9. Qd2 h6 10. Be3 Ng4 11. Rab1 Nc6 12. Ne2 O-O 13. h3 Nxe3 14. Qxe3 e5 15. c3
Ne7 16. Nh4 f5 17. exf5 Bxg2 18. Kxg2 Nxf5 19. Nxf5 Rxf5 20. Qe4 Ra7 21. g4 Rf6
22. f4 exf4 23. Qd5+ Kh7 24. Rxf4 Rxf4 25. Nxf4 Qf6 26. Qe4 Rf7 27. Kg3 Kg8 28.
d4 cxd4 29. Re1 g5 30. Nd3 Bf8 31. Re2 d5 32. Qxd5 Bd6+ 33. Ne5 Qf4+ 34. Kg2
Qf1+ 35. Kg3 Bxe5+ 0-1

[Event "World Youth Girl U16 2016"]
[Site "Khanty-Mansiysk RUS"]
[Date "2016.10.01"]
[Round "9.6"]
[White "Nguyen, Hong Ngoc"]
[Black "Sieber, Fiona"]
[Result "1/2-1/2"]
[BlackTitle "WFM"]
[WhiteElo "1807"]
[BlackElo "2268"]
[WhiteFideId "12403083"]
[BlackFideId "12902373"]
[EventDate "2016.09.22"]

1. d4 Nf6 2. c4 g6 3. Nc3 d5 4. Bg5 Ne4 5. Bf4 Nxc3 6. bxc3 c5 7. cxd5 Qxd5 8.
Be5 f6 9. Bxb8 Rxb8 10. Qa4+ Bd7 11. Qxa7 Rc8 12. Nf3 cxd4 13. Qxd4 Qxd4 14.
cxd4 e5 15. Rb1 Bd6 16. e3 Bf5 17. Rxb7 Rc1+ 18. Kd2 Rc2+ 19. Ke1 O-O 20. Nd2
Rc1+ 21. Ke2 exd4 22. Kf3 d3 23. e4 Bc8 24. Rb3 f5 25. g3 fxe4+ 26. Kg2 Be6 27.
Nxe4 d2 28. Nxd2 Bd5+ 29. Nf3 Bxb3 30. axb3 Kg7 31. Ng5 Re8 32. Bc4 Rxh1 33.
Kxh1 h6 34. Nh3 Re1+ 35. Kg2 Rc1 36. Ng1 Bc5 37. Ne2 Rc2 38. f4 Kf6 39. Kf3 Ra2
40. Nc3 Ra5 41. Ne4+ Ke7 42. Nxc5 Rxc5 43. Ke4 Ra5 44. h4 1/2-1/2

[Event "World Youth Girl U16 2016"]
[Site "Khanty-Mansiysk RUS"]
[Date "2016.10.01"]
[Round "9.7"]
[White "Sakorenko, Adriana"]
[Black "Kiolbasa, Oliwia"]
[Result "1/2-1/2"]
[BlackTitle "WIM"]
[WhiteElo "2007"]
[BlackElo "2196"]
[WhiteFideId "34130249"]
[BlackFideId "1154613"]
[EventDate "2016.09.22"]

1. e4 e5 2. Nf3 Nc6 3. Bc4 Bc5 4. d3 Nf6 5. O-O O-O 6. h3 d6 7. Nc3 a6 8. Be3
Re8 9. Nd5 Nxd5 10. Bxd5 Bxe3 11. fxe3 Be6 12. Bxe6 Rxe6 13. Qe1 d5 14. exd5
Qxd5 15. e4 Qd7 16. Kh1 Rf8 17. Qf2 g6 18. Qh4 Kg7 19. Qg3 Qe7 20. Rf2 a5 21. a4
Qb4 22. b3 Qe7 23. Raf1 Nd4 24. Nxd4 exd4 25. Rf3 c5 26. Qf2 Re5 27. Rf6 Re6 28.
Rf3 f6 29. Qd2 b6 30. Qf2 Re5 31. Qg3 Re6 32. Qf2 Qd6 33. Qg3 Qe7 34. Kg1 Qd7 1/2-1/2

[Event "World Youth Girl U16 2016"]
[Site "Khanty-Mansiysk RUS"]
[Date "2016.10.01"]
[Round "9.8"]
[White "Hrescak, Ivana"]
[Black "Vazquez Maccarini, Danitza"]
[Result "0-1"]
[WhiteTitle "WFM"]
[BlackTitle "WIM"]
[WhiteElo "1957"]
[BlackElo "2142"]
[WhiteFideId "14613441"]
[BlackFideId "3101193"]
[EventDate "2016.09.22"]

1. Nf3 Nf6 2. c4 e6 3. Nc3 Bb4 4. Qc2 O-O 5. a3 Bxc3 6. Qxc3 d5 7. d3 h6 8. g3
b6 9. Bg2 Bb7 10. O-O c5 11. b4 Nbd7 12. b5 d4 13. Qb2 Re8 14. e4 dxe3 15. fxe3
e5 16. e4 Qc7 17. Nh4 Nh7 18. Qe2 Ndf6 19. Bh3 Rad8 20. Be3 Bc8 21. Bxc8 Qxc8
22. Nf5 Qd7 23. Rad1 Re6 24. Kh1 Ne8 25. g4 Nd6 26. Ng3 Rg6 27. h3 Qe7 28. Kh2
Qh4 29. Nh5 Qe7 30. Ng3 Nf8 31. a4 Re6 32. a5 Qd7 33. axb6 axb6 34. Ra1 Nc8 35.
Ra3 Rd6 36. Rd1 Ne7 37. Qa2 Qe6 38. Qc2 Nfg6 39. Nf5 R6d7 40. Ra6 Rc7 41. Qf2
Rb8 42. h4 Nc8 43. Kg2 Nge7 44. g5 h5 45. Rf1 Nxf5 46. exf5 Qd7 47. Qf3 Nd6 48.
Bc1 g6 49. fxg6 fxg6 50. Rxb6 Re8 51. Kh2 Ra7 52. Rf2 Kh7 53. Qd5 Nf5 54. Qe4
Re7 55. Rc6 Ra1 56. Bb2 Ra2 57. Rxc5 Qa7 58. Qc6 Nxh4 59. b6 Qb8 60. Qf6 Nf5 61.
Kh3 Rxb2 62. Rxf5 Rg7 63. Rfxe5 Rxb6 64. Qf3 Rbb7 65. Rcd5 Rgf7 66. Qe4 Rb2 67.
Rc5 Rbf2 68. Rb5 R7f3+ 69. Qxf3 Rxf3+ 70. Kg2 Qf8 71. Rb7+ Kh8 72. Ree7 Rf2+ 73.
Kg1 Rf1+ 74. Kg2 Qf3+ 75. Kh2 Rh1# 0-1

[Event "World Youth Girl U16 2016"]
[Site "Khanty-Mansiysk RUS"]
[Date "2016.10.01"]
[Round "9.9"]
[White "Kochukova, Anna"]
[Black "Petraki, Argiro"]
[Result "1-0"]
[WhiteTitle "WFM"]
[WhiteElo "2073"]
[BlackElo "1632"]
[WhiteFideId "24173932"]
[BlackFideId "4252748"]
[EventDate "2016.09.22"]

1. e4 c5 2. Nf3 d6 3. d4 cxd4 4. Nxd4 Nf6 5. Nc3 g6 6. Be2 Bg7 7. O-O Nc6 8. Nb3
O-O 9. Re1 a6 10. Bf1 b5 11. Bg5 Be6 12. Nd5 Nd7 13. Rb1 Re8 14. Qd2 Nb6 15. c3
Ne5 16. Rbd1 Rc8 17. Qe2 Nec4 18. Nxb6 Qxb6 19. Nd4 Bd7 20. b3 Na5 21. Qd2 Rc7
22. Be3 Qb7 23. c4 b4 24. Bh6 Bh8 25. Qd3 Nc6 26. Nc2 a5 27. Qg3 a4 28. Ne3 Bc3
29. Nd5 Bxe1 30. Nxc7 Bxf2+ 31. Qxf2 Qxc7 32. c5 dxc5 33. Qxc5 axb3 34. axb3 Be6
35. Bb5 Bd7 36. Kh1 Ra8 37. Bxc6 Bxc6 38. Rc1 Ra6 39. Qxb4 Qd6 40. Qc3 e5 41. b4
Qe6 42. Qc5 Qe8 43. b5 Bxb5 44. Qxb5 Re6 45. Qb7 Qa4 46. h3 Re8 47. Rc8 g5 48.
Qb8 1-0

[Event "World Youth Girl U16 2016"]
[Site "Khanty-Mansiysk RUS"]
[Date "2016.10.01"]
[Round "9.10"]
[White "Martynkova, Olena"]
[Black "Gundogan, Sinem Cagla"]
[Result "1-0"]
[WhiteTitle "WFM"]
[BlackTitle "WCM"]
[WhiteElo "2287"]
[BlackElo "1933"]
[WhiteFideId "14134039"]
[BlackFideId "6325378"]
[EventDate "2016.09.22"]

1. d4 d5 2. c4 c6 3. Nf3 Nf6 4. Nc3 dxc4 5. a4 Bf5 6. e3 e6 7. Bxc4 Bb4 8. O-O
Nbd7 9. Qe2 O-O 10. e4 Bg6 11. Bd3 Re8 12. e5 Bxd3 13. Qxd3 Nd5 14. Nxd5 cxd5
15. Ng5 Nf8 16. f4 Be7 17. Nh3 f5 18. exf6 Bxf6 19. Ng5 Bxg5 20. fxg5 Ng6 21. a5
e5 22. dxe5 Nxe5 23. Qf5 d4 24. Bf4 Qd5 25. Kh1 Re7 26. Rae1 Rf8 27. Qe4 Qxe4
28. Rxe4 d3 29. Kg1 Rfe8 30. Rfe1 Nc6 31. Rxe7 Rxe7 32. Rxe7 Nxe7 33. Kf2 Nd5
34. Bd2 Kf7 35. Kf3 Ke6 36. Ke4 g6 37. b4 b6 38. Kxd3 Ke5 39. b5 bxa5 40. Bxa5
Nf4+ 41. Kc4 Nxg2 42. Bc7+ Kf5 43. Bb8 Ne3+ 44. Kc5 Nd1 45. Kd4 Ke6 46. Bxa7 Kd7
47. Kd3 Nb2+ 48. Kc3 Nd1+ 49. Kc2 1-0

[Event "World Youth Girl U16 2016"]
[Site "Khanty-Mansiysk RUS"]
[Date "2016.10.01"]
[Round "9.11"]
[White "Radeva, Viktoria"]
[Black "Jakab, Kincso"]
[Result "1-0"]
[WhiteTitle "WFM"]
[WhiteElo "2143"]
[BlackElo "1893"]
[WhiteFideId "2915405"]
[BlackFideId "1232002"]
[EventDate "2016.09.22"]

1. e4 d5 2. exd5 Qxd5 3. Nc3 Qd6 4. d4 c6 5. Nf3 Bg4 6. Be3 e6 7. Be2 Nd7 8. Qd2
Ngf6 9. O-O Qc7 10. h3 Bh5 11. Ng5 Bg6 12. Bd3 Bxd3 13. Qxd3 Bd6 14. Nce4 Bh2+
15. Kh1 Bf4 16. Qa3 Nxe4 17. Nxe4 b6 18. g3 Bxe3 19. Nd6+ Kd8 20. Nxf7+ Kc8 21.
Nxh8 Bxd4 22. Rad1 c5 23. Qf3 Rb8 24. c3 Bf6 25. Nf7 Be7 26. Rfe1 Qb7 27. Qxb7+
Rxb7 28. Rxe6 Nf6 29. Nd6+ Bxd6 30. Rexd6 Re7 31. Kg2 Re2 32. R6d2 Re4 33. f3
Re6 34. Kf2 Re7 35. Re2 Rf7 36. g4 h6 37. Kg3 Kc7 38. f4 Kc6 39. Re6+ Kb5 40. b3
Rc7 41. g5 hxg5 42. fxg5 Nd7 43. Re7 1-0

[Event "World Youth Girl U16 2016"]
[Site "Khanty-Mansiysk RUS"]
[Date "2016.10.01"]
[Round "9.12"]
[White "Afonasieva, Anna"]
[Black "Prakapuk, Vera"]
[Result "1-0"]
[WhiteTitle "WFM"]
[WhiteElo "2132"]
[BlackElo "1908"]
[WhiteFideId "24173606"]
[BlackFideId "13507052"]
[EventDate "2016.09.22"]

1. d4 d5 2. Nf3 Nf6 3. c4 c6 4. e3 e6 5. Bd3 Nbd7 6. Nbd2 a6 7. b3 Be7 8. O-O
O-O 9. e4 dxe4 10. Nxe4 Nxe4 11. Bxe4 Nf6 12. Bc2 Qc7 13. Bg5 Rd8 14. Qe2 b6 15.
Rad1 Bb7 16. Rfe1 Re8 17. Ne5 Rad8 18. Qd3 h6 19. Bxh6 gxh6 20. Qg3+ Kf8 21.
Ng6+ fxg6 22. Qxc7 Rd7 23. Qg3 Bd8 24. Qxg6 h5 25. Qh6+ Rg7 26. Re3 Kg8 27. Rg3
Rxg3 28. hxg3 Bc8 29. Re1 Bd7 30. Re5 Ng4 31. Qg6+ Kf8 32. Rxh5 Nf6 33. Rh8+ Ke7
34. Qg7+ Kd6 35. Rxe8 Bxe8 36. g4 Nd7 37. g5 Be7 38. g6 Bf6 39. Qh6 Bxd4 40. g7
Nf6 41. Qxf6 1-0

[Event "World Youth Girl U16 2016"]
[Site "Khanty-Mansiysk RUS"]
[Date "2016.10.01"]
[Round "9.13"]
[White "Busuioc, Alexandra"]
[Black "Monroy G., Nataly A."]
[Result "0-1"]
[BlackTitle "WIM"]
[WhiteElo "1876"]
[BlackElo "2105"]
[WhiteFideId "1635778"]
[BlackFideId "3304019"]
[EventDate "2016.09.22"]

1. e4 c5 2. Nf3 Nc6 3. d4 cxd4 4. Nxd4 g6 5. Nb3 Bg7 6. Be2 Nf6 7. Nc3 d6 8. O-O
O-O 9. Re1 a6 10. Bf1 b5 11. Nd5 Nd7 12. c3 e6 13. Nf4 Nf6 14. Nd4 Ne7 15. Nd3
Bb7 16. f3 Qc7 17. Be3 Nd7 18. Qd2 d5 19. Bg5 Rfe8 20. Nf2 dxe4 21. Nxe4 e5 22.
Nc2 f5 23. Nd6 Nd5 24. Nxe8 Rxe8 25. Rad1 N7b6 26. Kh1 f4 27. Bd3 Nc4 28. Bxc4
bxc4 29. Nb4 Ne3 30. Qd7 Qb8 31. Rd6 Rf8 32. Qe6+ Kh8 33. Rb6 Qa8 34. Qh3 a5 35.
Rxg6 Bc8 36. Qh4 Bf5 37. Qh5 Bxg6 0-1

[Event "World Youth Girl U16 2016"]
[Site "Khanty-Mansiysk RUS"]
[Date "2016.10.01"]
[Round "9.14"]
[White "Broly, Mathilde"]
[Black "Bauyrzhan, Arnash"]
[Result "1/2-1/2"]
[WhiteElo "2046"]
[BlackElo "1904"]
[WhiteFideId "20682794"]
[BlackFideId "13706322"]
[EventDate "2016.09.22"]

1. e4 c5 2. Nf3 e6 3. d4 cxd4 4. Nxd4 a6 5. c4 Nf6 6. Nc3 Bb4 7. Qd3 Qc7 8. a3
Bxc3+ 9. Qxc3 O-O 10. f3 d6 11. Be2 e5 12. Nc2 Be6 13. Ne3 Rc8 14. Bd2 Nc6 15.
O-O Nd4 16. Bd3 b5 17. Rac1 Qb6 18. b3 Nd7 19. Kh1 Rab8 20. Rb1 Nc5 21. Bc2 Qd8
22. Nd5 Na4 23. bxa4 Rxc4 24. Qd3 Bxd5 25. exd5 Rxc2 26. Be3 Rc4 27. axb5 axb5
28. Rxb5 Nxb5 29. Qxc4 Nxa3 30. Qa4 Nb5 31. f4 Nc3 32. Qc4 Rc8 33. Qb3 Ne4 34.
Qd3 Nf6 35. fxe5 dxe5 36. d6 Rc6 37. Rd1 Qd7 38. Bg5 Ng4 39. Bh4 g5 40. h3 gxh4
41. hxg4 e4 42. Qd5 Ra6 43. Qg5+ Kf8 44. Qe5 Kg8 45. Rb1 Ra8 46. Qxe4 Rd8 47.
Rd1 Qe6 48. Qf4 h6 49. Qb4 Qe3 50. Qa5 Rxd6 51. Qa8+ Kh7 52. Rxd6 Qe1+ 53. Kh2
Qg3+ 54. Kg1 Qe1+ 55. Kh2 Qg3+ 56. Kg1 Qxd6 57. Qe4+ Qg6 58. Qf3 1/2-1/2

[Event "World Youth Girl U16 2016"]
[Site "Khanty-Mansiysk RUS"]
[Date "2016.10.01"]
[Round "9.15"]
[White "Limanovska, Elizabete"]
[Black "Yang, Yijing"]
[Result "0-1"]
[BlackTitle "WCM"]
[WhiteElo "1870"]
[BlackElo "1975"]
[WhiteFideId "11603542"]
[BlackFideId "8608601"]
[EventDate "2016.09.22"]

1. e4 c6 2. d4 d5 3. Nc3 dxe4 4. Nxe4 Bf5 5. Ng3 Bg6 6. Nf3 Nd7 7. h4 h6 8. h5
Bh7 9. Bd3 Bxd3 10. Qxd3 e6 11. Bd2 Ngf6 12. O-O-O Qc7 13. Ne4 O-O-O 14. g3 c5
15. Bf4 Qa5 16. Kb1 Nxe4 17. Qxe4 Nf6 18. Qe2 Nd5 19. Bd2 Qc7 20. c4 Nf6 21. Bf4
Bd6 22. Ne5 cxd4 23. c5 Bxe5 24. Bxe5 Qc6 25. Rh4 Rd5 26. Rhxd4 Rhd8 27. Qf3
Rxd4 28. Qxc6+ bxc6 29. Rxd4 Rxd4 30. Bxd4 Nxh5 31. Kc2 f6 32. b4 e5 33. Bc3 Kd7
34. a4 a6 35. Kd3 Ke6 36. Kc4 f5 37. b5 cxb5+ 38. axb5 axb5+ 39. Kxb5 Nf6 40.
Ba5 Ne4 41. c6 Nxf2 42. c7 Kd7 43. Kb6 Kc8 44. Kc6 f4 45. gxf4 exf4 46. Kd5 f3
47. Kd4 Nd1 48. Kd3 g5 49. Kd2 f2 50. Ke2 g4 51. Bd2 g3 52. Kf1 h5 53. Bg5 h4
54. Bf4 Kd7 0-1

[Event "World Youth Girl U16 2016"]
[Site "Khanty-Mansiysk RUS"]
[Date "2016.10.01"]
[Round "9.16"]
[White "Grigoryan, Arpine"]
[Black "Cieslak, Wiktoria"]
[Result "1-0"]
[WhiteElo "1942"]
[BlackElo "1869"]
[WhiteFideId "13307231"]
[BlackFideId "1160036"]
[EventDate "2016.09.22"]

1. e4 c5 2. Nf3 d6 3. d4 Nf6 4. Nc3 cxd4 5. Nxd4 a6 6. a4 e5 7. Nb3 Be6 8. Be2
Be7 9. O-O Nbd7 10. Kh1 O-O 11. f4 exf4 12. Bxf4 Ne5 13. Nd4 Qb6 14. Qd2 Rad8
15. a5 Qb4 16. Rfb1 Nfd7 17. Be3 Nc4 18. Bxc4 Qxc4 19. Ra4 Qc7 20. Nf5 Nc5 21.
Bxc5 dxc5 22. Nd5 Bxd5 23. exd5 Bf6 24. Rg4 Qd7 25. Rf1 Kh8 26. c4 Rfe8 27. h3
Re5 28. Ng3 Rde8 29. Rxf6 gxf6 30. Qh6 Qxg4 31. hxg4 Re1+ 32. Kh2 Rd1 33. Nf5 1-0

[Event "World Youth Girl U16 2016"]
[Site "Khanty-Mansiysk RUS"]
[Date "2016.10.01"]
[Round "9.17"]
[White "Khristenko, Anna"]
[Black "Dong, Khanh Linh"]
[Result "0-1"]
[BlackTitle "WCM"]
[WhiteElo "1938"]
[BlackElo "1671"]
[WhiteFideId "24173886"]
[BlackFideId "12403040"]
[EventDate "2016.09.22"]

1. Nf3 d5 2. g3 b6 3. Bg2 e6 4. O-O Bb7 5. d4 Nf6 6. b3 c5 7. Bb2 Nc6 8. Nbd2
Be7 9. c4 O-O 10. Rc1 Rc8 11. e3 Nb4 12. Qe2 dxc4 13. Nxc4 Be4 14. Rfd1 b5 15.
Nce5 Qa5 16. a3 Nbd5 17. dxc5 b4 18. axb4 Nxb4 19. Nc4 Qa2 20. Nd4 Qa6 21. Bxe4
Nxe4 22. Ra1 Qb7 23. c6 Nxc6 24. Nxc6 Qxc6 25. Rxa7 Ng5 26. f3 Nxf3+ 27. Kf2 Bc5
28. Raa1 Ng5 29. Qg4 h6 30. Bd4 Bxd4 31. Rxd4 e5 32. Rdd1 Ne4+ 33. Kg1 f5 34.
Qh3 Qe6 35. Ra5 Ng5 36. Qh5 e4 0-1

[Event "World Youth Girl U16 2016"]
[Site "Khanty-Mansiysk RUS"]
[Date "2016.10.01"]
[Round "9.18"]
[White "Mammadova, Susan"]
[Black "Jie, Tianhui"]
[Result "1/2-1/2"]
[WhiteElo "1836"]
[BlackElo "1914"]
[WhiteFideId "13413210"]
[BlackFideId "30908566"]
[EventDate "2016.09.22"]

1. e4 c5 2. Nf3 a6 3. d4 cxd4 4. Nxd4 e5 5. Nb3 Nf6 6. Bd3 Qc7 7. O-O b6 8. Nc3
Bb4 9. Bd2 Bb7 10. Re1 d6 11. Nb5 Qd7 12. Bxb4 axb5 13. Qe2 Bc6 14. f4 Na6 15.
Bc3 O-O 16. fxe5 dxe5 17. Bxe5 Ng4 18. Bg3 Rfe8 19. Rad1 Nc5 20. Nxc5 bxc5 21.
Bxb5 Bxb5 22. Rxd7 Bxe2 23. Rxe2 Rxa2 24. h3 Nf6 25. Rb7 h6 26. e5 Nh5 27. Bh2
g5 28. g4 Ng7 29. Rf2 Rf8 30. Rf6 Ra1+ 31. Kg2 Rc1 32. c3 Rc2+ 33. Rf2 Rxf2+ 34.
Kxf2 Rd8 35. Ke2 Ne6 36. Rb6 Kg7 37. Bg3 Kg6 38. h4 h5 39. gxh5+ Kxh5 40. hxg5
Kxg5 41. Rb7 Kg6 42. b3 Rh8 43. b4 cxb4 44. cxb4 f6 45. Rb6 Kf5 46. exf6 Kxf6
47. b5 Kf5 48. Rd6 Rh3 49. Kf2 Ng5 50. Rd5+ Kf6 51. Kg2 Rh7 52. b6 Ne6 53. Ra5
Rb7 54. Bf2 Ke7 55. Ra6 Kd7 56. Ra1 Nf4+ 57. Kf3 Nd5 58. Rd1 Kc6 59. Rc1+ Kd7
60. Ke4 Nxb6 1/2-1/2

[Event "World Youth Girl U16 2016"]
[Site "Khanty-Mansiysk RUS"]
[Date "2016.10.01"]
[Round "9.19"]
[White "Tishova, Svetlana"]
[Black "Simakova, Elena"]
[Result "1/2-1/2"]
[WhiteElo "2317"]
[BlackElo "1860"]
[WhiteFideId "24173550"]
[BlackFideId "34142166"]
[EventDate "2016.09.22"]

1. e4 c5 2. Nf3 Nc6 3. Bb5 g6 4. Bxc6 bxc6 5. d3 Bg7 6. O-O d5 7. e5 Bg4 8. Re1
e6 9. h3 Bxf3 10. Qxf3 Qb8 11. Qe3 Ne7 12. c4 Qb6 13. b3 Nf5 14. Qd2 Rd8 15. Qb2
Qc7 16. Bg5 Rd7 17. Nd2 O-O 18. Nf3 h6 19. Bf6 dxc4 20. Bxg7 Kxg7 21. dxc4 Rfd8
22. Qc1 Nd4 23. Nh2 Qa5 24. Ng4 Nf5 25. Nf6 Rd2 26. Ne4 Rxa2 27. Rxa2 Qxa2 28.
Qf4 Qxb3 29. g4 Qb4 30. Rc1 Rd4 31. Qf3 Qb2 32. Re1 Qb4 33. Re2 Qb1+ 34. Kh2 Rd3
35. Re3 Rxe3 36. fxe3 Qb2+ 37. Kg1 Qc1+ 38. Kf2 Qc2+ 39. Ke1 Qc1+ 40. Kf2 Qc2+
41. Ke1 Qc1+ 42. Kf2 Qc2+ 1/2-1/2

[Event "World Youth Girl U16 2016"]
[Site "Khanty-Mansiysk RUS"]
[Date "2016.10.01"]
[Round "9.20"]
[White "Zairbek kyzy, Begimay"]
[Black "Blazeka, Mihaela"]
[Result "0-1"]
[WhiteElo "1836"]
[BlackElo "1868"]
[WhiteFideId "13803603"]
[BlackFideId "14528576"]
[EventDate "2016.09.22"]

1. e4 e5 2. Nc3 Nc6 3. Bc4 Nf6 4. d3 Na5 5. Bb3 Nxb3 6. axb3 d5 7. Bg5 Bb4 8.
Bxf6 Qxf6 9. exd5 c6 10. Qf3 Qxf3 11. Nxf3 cxd5 12. O-O Bxc3 13. bxc3 f6 14. Nd2
O-O 15. f4 Bf5 16. fxe5 fxe5 17. Rfe1 Rfe8 18. c4 e4 19. dxe4 dxe4 20. Kf2 e3+
21. Rxe3 Rxe3 22. Kxe3 Bxc2 23. b4 Re8+ 24. Kd4 Rd8+ 25. Ke3 a6 26. Ra5 Rd3+ 27.
Ke2 Rd6 28. b5 Kf7 29. bxa6 bxa6 30. Ra2 Bf5 31. c5 Rc6 32. Ra5 Ke6 33. Nb3 Kd5
34. Ke3 Bg6 35. Ra2 Re6+ 36. Kd2 Kc4 37. Rb2 Bh5 38. c6 Re2+ 39. Kc1 Rxb2 40.
Kxb2 Bg4 41. Ka3 Kb5 42. c7 Kb6 43. Kb4 h5 44. h3 Bc8 45. h4 Kxc7 46. g3 Kb6 47.
Na5 Be6 48. Ka4 Bd5 49. Kb4 g6 50. Nc4+ Bxc4 51. Kxc4 Kc6 52. Kd4 Kd6 0-1

[Event "World Youth Girl U16 2016"]
[Site "Khanty-Mansiysk RUS"]
[Date "2016.10.01"]
[Round "9.21"]
[White "Hamedi Nia, Vesal"]
[Black "Campos Toledo, Andrea Celeste"]
[Result "1-0"]
[WhiteElo "1904"]
[BlackElo "1750"]
[WhiteFideId "12542253"]
[BlackFideId "3826171"]
[EventDate "2016.09.22"]

1. d4 Nf6 2. c4 e6 3. Nc3 Bb4 4. Qc2 d5 5. Bg5 h6 6. Bh4 c5 7. cxd5 exd5 8. e3
O-O 9. Nf3 Be6 10. Be2 Nbd7 11. O-O Rc8 12. a3 Ba5 13. dxc5 Bxc3 14. Qxc3 Nxc5
15. Rac1 Nce4 16. Qd4 a6 17. Bd3 Rxc1 18. Rxc1 Qb8 19. Ne1 Ng4 20. Bg3 Nxg3 21.
hxg3 Rc8 22. Rd1 h5 23. Be2 Nf6 24. Nf3 Bf5 25. Ng5 Bc2 26. Rc1 Bg6 27. Rd1 Rc2
28. Bf3 Rc4 29. Qb6 Rc6 30. Qa5 b5 31. Bxd5 Nxd5 32. Rxd5 Rc1+ 33. Kh2 Rc8 34.
Qxa6 h4 35. Qxb5 hxg3+ 36. fxg3 f6 37. Nf3 Qc7 38. Rd7 Qc2 39. Qd5+ Kh7 40. Nh4
Rh8 41. b4 Be8 42. Re7 Qa4 43. Qe4+ Kh6 44. Qf4+ 1-0

[Event "World Youth Girl U16 2016"]
[Site "Khanty-Mansiysk RUS"]
[Date "2016.10.01"]
[Round "9.22"]
[White "Sevilla, Julia"]
[Black "Kozybayeva, Alisa"]
[Result "0-1"]
[WhiteElo "1546"]
[BlackElo "1888"]
[WhiteFideId "2099730"]
[BlackFideId "13708317"]
[EventDate "2016.09.22"]

1. d4 d5 2. c4 e6 3. g3 dxc4 4. Bg2 c5 5. Qa4+ Qd7 6. Qxd7+ Nxd7 7. dxc5 Bxc5 8.
Nd2 Bb4 9. Kd1 Nb6 10. a3 Be7 11. Ngf3 Bf6 12. Ne4 Bd7 13. Nd6+ Ke7 14. Nxb7 Bc6
15. Nh4 Ba4+ 16. Ke1 Rc8 17. Kf1 g5 18. Nf3 h6 19. Nd2 c3 20. bxc3 Bxc3 21. Rb1
Nf6 22. f4 gxf4 23. gxf4 Rhg8 24. Bf3 Bc2 25. Rb5 Nbd5 26. Nb3 a6 27. Rxd5 Nxd5
28. N3c5 Rc7 29. f5 Bd4 30. fxe6 fxe6 31. e4 Nf6 32. a4 Bxc5 33. Nxc5 Rxc5 34.
Ba3 Rc8 35. e5 Nd5 36. Rg1 Kf7 37. Bxc5 Rxc5 0-1

[Event "World Youth Girl U16 2016"]
[Site "Khanty-Mansiysk RUS"]
[Date "2016.10.01"]
[Round "9.23"]
[White "Ni Mhuireagain, Eibhia"]
[Black "Krapivina, Galina"]
[Result "0-1"]
[WhiteElo "1433"]
[BlackElo "1834"]
[WhiteFideId "2505665"]
[BlackFideId "24159182"]
[EventDate "2016.09.22"]

1. e4 e6 2. d4 d5 3. exd5 exd5 4. Bd3 Bd6 5. Ne2 Qf6 6. O-O Ne7 7. Re1 O-O 8. c3
Bg4 9. f3 Bh5 10. Nd2 Nd7 11. Nf1 Bg6 12. Ne3 Bxd3 13. Qxd3 Bxh2+ 14. Kf1 Bd6
15. Ng4 Qh4 16. Bf4 Bxf4 17. Nxf4 Rfe8 18. Nh3 h5 19. Ne5 Nxe5 20. Rxe5 Ng6 21.
Rxe8+ Rxe8 22. Qd2 Qg3 23. Re1 Qxe1+ 24. Qxe1 Rxe1+ 25. Kxe1 Kf8 26. Kf2 Ke7 27.
Ke3 Kf6 28. g3 c6 29. Nf2 Ne7 30. Nd3 Nf5+ 31. Kf2 Nd6 32. Ne5 Kg5 33. Nd3 h4
34. gxh4+ Kxh4 35. Nc5 g5 36. Nd7 g4 37. fxg4 Kxg4 38. Ne5+ Kg5 39. Kf3 f5 40.
Nd3 Ne4 41. b3 Nd2+ 42. Ke3 Ne4 43. c4 Kg4 44. Nf4 Nc3 45. Ne6 Nxa2 46. Nf4 Nc3
47. Nd3 f4+ 48. Kf2 Ne4+ 49. Ke2 f3+ 50. Ke1 Kg3 51. cxd5 cxd5 52. b4 Ng5 53. b5
Nh3 54. Kf1 Nf4 55. Nb4 f2 56. Nc2 Nd3 57. Ne3 Nb4 58. Nd1 Kf3 59. Nxf2 Ke3 60.
Nd1+ Kxd4 61. Ke2 Kc5 62. Nc3 d4 63. Ne4+ Kxb5 0-1

[Event "World Youth Girl U16 2016"]
[Site "Khanty-Mansiysk RUS"]
[Date "2016.10.01"]
[Round "9.24"]
[White "Kostava, Elene"]
[Black "Tumova, Anna"]
[Result "1-0"]
[WhiteElo "1756"]
[BlackElo "1711"]
[WhiteFideId "13603280"]
[BlackFideId "367397"]
[EventDate "2016.09.22"]

1. Nf3 Nf6 2. c4 g6 3. Nc3 d5 4. e3 Bg7 5. cxd5 Nxd5 6. d4 O-O 7. Bc4 Nxc3 8.
bxc3 c5 9. O-O Nc6 10. Rb1 Qc7 11. Ba3 cxd4 12. cxd4 Bg4 13. Be2 Rfd8 14. Qb3 e5
15. dxe5 Nxe5 16. Nxe5 Bxe5 17. Bxg4 Bxh2+ 18. Kh1 Bd6 19. Rfc1 Qe7 20. Bxd6
Rxd6 21. Qxb7 1-0

[Event "World Youth Girl U16 2016"]
[Site "Khanty-Mansiysk RUS"]
[Date "2016.10.01"]
[Round "9.25"]
[White "Shih, Ching-An"]
[Black "Saumy, Zainab"]
[Result "1/2-1/2"]
[WhiteTitle "WCM"]
[WhiteElo "1460"]
[BlackElo "1688"]
[WhiteFideId "16300653"]
[BlackFideId "9911316"]
[EventDate "2016.09.22"]

1. Nf3 c5 2. c4 b6 3. g3 Bb7 4. Bg2 g6 5. Nc3 Bg7 6. O-O Nf6 7. d3 d6 8. Bd2
Nbd7 9. Rb1 O-O 10. Qc1 Rc8 11. Bh6 a6 12. Bxg7 Kxg7 13. Qd2 e5 14. e4 Rc7 15.
Ne1 Qe7 16. Nc2 Rb8 17. a4 Nf8 18. b4 Ne6 19. bxc5 bxc5 20. Nd5 Nxd5 21. exd5
Nf8 22. f4 Rd8 23. fxe5 dxe5 24. Ne3 Rd6 25. Nd1 Bc8 26. Nc3 f5 27. a5 Qf6 1/2-1/2